| 000 | 00615nam a2200229Ia 4500 | ||
|---|---|---|---|
| 005 | 20250508165008.0 | ||
| 008 | 008 250505s9999 xx 000 0 hin d | ||
| 020 | _a81-85127-08-5 | ||
| 037 | _aTextual | ||
| 040 |
_aFEDL _beng _cFEDL |
||
| 041 |
_ahin _2hin |
||
| 084 |
_a335.43, SPR _qFEDL |
||
| 100 |
_aSprait Philip _9779659 |
||
| 245 | 0 | _aSamyavad ke par | |
| 260 |
_aBikaner, India _bVagdevi Prakashan _c2006 |
||
| 300 | _a111p. | ||
| 365 |
_aINR _b125 |
||
| 546 | _aTr of Political thought | ||
| 700 |
_a Roy M N _9779660 |
||
| 942 |
_cTEXL _h335.43, SPR |
||
| 999 |
_c1392549 _d1392549 |
||